Réseaux philanthropinistes et pédagogie au XVIIIe siècle, Loïc Chalmel, Berne, Peter Lang (Exploration, Éducation, Histoire et pensée), 2004. (notice n° 2227047)
[ vue normale ]
| 000 -LEADER | |
|---|---|
| fixed length control field | 01450cam a2200157 4500500 |
| 005 - DATE AND TIME OF LATEST TRANSACTION | |
| control field | 20260426025241.0 |
| 041 ## - LANGUAGE CODE | |
| Language code of text/sound track or separate title | fre |
| 042 ## - AUTHENTICATION CODE | |
| Authentication code | dc |
| 100 10 - MAIN ENTRY--PERSONAL NAME | |
| Personal name | Vergnioux, Alain |
| Relator term | author |
| 245 00 - TITLE STATEMENT | |
| Title | Réseaux philanthropinistes et pédagogie au XVIIIe siècle, Loïc Chalmel, Berne, Peter Lang (Exploration, Éducation, Histoire et pensée), 2004. |
| 260 ## - PUBLICATION, DISTRIBUTION, ETC. | |
| Date of publication, distribution, etc. | 2005.<br/> |
| 500 ## - GENERAL NOTE | |
| General note | 59 |
| 520 ## - SUMMARY, ETC. | |
| Summary, etc. | Résumé Résumé : L’article veut répondre à la question de la violence en Algérie à partir du problème de l’identité. En quoi et par quelles médiations les questions de l’identité nationale et de la violence sont-elles liées ? Vouloir cerner le problème de l’identité algérienne en termes d’appartenance et d’altérité ne peut suffire, mais l’approche historique est complexe, de l’occupation romaine et turque au colonialisme français, et dans les différents registres des discours politiques pendant et après la guerre d’indépendance (le sol, la langue, la religion). Corollairement, la violence prend des formes diversifiées, qui n’ont ni la même origine ni la même signification. L’auteur suggère en conclusion que la violence se nourrit de la défaillance de la sphère juridique et de la légitimité de l’État. |
| 786 0# - DATA SOURCE ENTRY | |
| Note | Le Télémaque | 27 | 1 | 2005-03-01 | p. 133a-138a | 1263-588X |
| 856 41 - ELECTRONIC LOCATION AND ACCESS | |
| Uniform Resource Identifier | <a href="https://shs.cairn.info/revue-le-telemaque-2005-1-page-133a?lang=fr&redirect-ssocas=7080">https://shs.cairn.info/revue-le-telemaque-2005-1-page-133a?lang=fr&redirect-ssocas=7080</a> |
Pas d'exemplaire disponible.




Réseaux sociaux